| 000 | 00409nam a2200157Ia 4500 | ||
|---|---|---|---|
| 008 | 230917s9999||||xx |||||||||||||| ||und|| | ||
| 020 | _cDM29.4 | ||
| 040 |
_e16719 _aMAIN |
||
| 041 | _aEnglish | ||
| 082 | _a519.2 C472E | ||
| 100 | _aChung, Kai Lai | ||
| 245 | 0 | _aElementary probability theory with stochastic processes | |
| 260 |
_aNew York _bSpringer-Verlag _c1975 |
||
| 300 | _ax, 325 p. | ||
| 942 | _cBK | ||
| 999 |
_c180679 _d180679 |
||